000 00595nam a22002057a 4500
003 LK-CoMWRAF
005 20231218105104.0
008 231218b2004 |||||||| |||| 00| 0 eng d
020 _a0073043958
040 _aLK-CoMWRAF
_dLK-CoMWRAF
_eLK-CoMWRAF
041 _aeng
082 _a909.8
_bTAK
245 _aTaking sides :
_bclashing views on controversial issues in world politics
250 _a11th ed.
260 _aDubuque:
_bMcGraw-Hill/Dushkin,
_c2005
300 _a xxiii, 391 p. ; 24 cm
_bIndex included
650 _aWORLD POLITICS
700 _aRourke, John T.
_eed.
942 _cBK
999 _c4518
_d4518